| 000 | 00772nam a22002177a 4500 | ||
|---|---|---|---|
| 005 | 20111222151347.0 | ||
| 008 | 111222t xxu||||| |||| 00| 0 eng d | ||
| 010 | _aENG-104440 | ||
| 020 |
_a9788178331232 _c1575.00 |
||
| 035 | _aEN-87973 | ||
| 037 | _bDBAD/PUB | ||
| 040 |
_aDPL _bEng |
||
| 082 | _a547.70454 | ||
| 100 | _937371 | ||
| 245 | 0 | 0 |
_aThe complete book on water soluble polymers _b |
| 260 |
_aDelhi _bAsia Pacific Business Press _c(201 ?) |
||
| 270 |
_a106-E, Kamla Nagar, _b Delhi _e110007 |
||
| 300 |
_aviii,664p. _c22cm (pbk) |
||
| 942 |
_2ddc _cEN _mCOM _h547.70454 |
||
| 999 |
_c59910 _d59910 |
||